00612nam a2200205Ia 4500003000900000008004100009040001300050040001300063041000800076100002500084245002700109250001000136260002100146260000900167300001100176300001000187490004200197490000700239600016000246IT-RoPAU120407s9999 xx 000 0 und d aIT-RoPAU cIT-RoPAU aita aJacques-Marie Pohier aPsicologia e teologia. aRoma  aEdizioni Paoline c1971 a526 p. c18 cm aBiblioteca di cultura religiosa S. II v23 a"Tit.orig.:Phycologie et théologie Trad. B. Chiarabolli 1. Psicologia religiosa I - Chiarabolli Benito 200.19 BNI 72-12171"